| 000 | 00408nam a2200133Ia 4500 | ||
|---|---|---|---|
| 005 | 20210429153911.0 | ||
| 008 | 210429s9999 xx 000 0 und d | ||
| 082 | _a660 F252R | ||
| 100 |
_aMaham Fatima, Raamis A Razaque, Ubaidullah Khalid _955041 |
||
| 245 | _aRemoval of Grit from Lime ICI Soda Ash Ltd, Khewra, Pakistan (UG-CHE-2016) | ||
| 260 |
_aSCME _c2016 |
||
| 300 | _a117p.29cm. | ||
| 942 |
_2ddc _cTH |
||
| 999 |
_c561087 _d561087 |
||